000 00519nam a2200193 a 4500
001 1774865107923
003 YourLibrary
005 20260330153907.0
008 260330s2009##################000#0#eng##
020 _a9780202363486
082 0 4 _a362.1
_bARN
100 1 _aArnold, Mary F.,
_eauthor.
245 1 0 _aThe Administration of Health Systems :
260 _bAldine De Gruyter,
_c2009.
300 _a444 pages
650 0 _aBusiness & Economics.
942 _cENGLISH
040 _aYourLibrary
_beng
_cYourLibrary
999 _c618398
_d618398